| 000 | 00339nam a2200133Ia 4500 | ||
|---|---|---|---|
| 005 | 20260328104250.0 | ||
| 008 | 260328s9999||||xx |||||||||||||| ||und|| | ||
| 100 | _aJackson, Paul | ||
| 245 | 0 |
_aFolding techniques for Designers / _cPaul Jackson |
|
| 260 | _bLaurence King | ||
| 300 | _a223 p. | ||
| 650 | _aDISEÑO INDUSTRIAL | ||
| 942 | _cBK | ||
| 999 |
_c10217 _d10217 |
||